000 00828cab a2200217 4500
001 X83780
008 090401t1997 xxu||||| |||| 00| 0 eng d
035 _a(Sirsi) u78162
041 _aeng
245 _aHunter v Canary Wharf
260 _c1997
350 _a0
490 _aNew Property Cases
_v[1997] NPC 64(4)
520 _aHL 25 April 1997. Erecting a building which causes interference with the reception of television signals does not constitute an actionable nuisance. Only those with a right in land or a right of exclusive possession to it have standing to sue in nuisance. HEADNOTE FROM JOURNAL - NOT TO BE PHOTOCOPIED.
650 _aHUNTER AND OTHERS V CANARY WHARF LTD
650 _aNUISANCE
650 _aTELEVISION
690 _aPROPERTY LAW AND PRACTICE-CASE LAW
942 _n0
948 _c06/05/1997
999 _c49181
_d49181